Missing Word: #1 Hits of 1987 Quiz Stats

Quiz Updated Nov 22, 2016

Challenge
Share
Tweet
Embed
Score 0/18 Timer 03:00
0 Plays Today
#1 Hit Song Missing Word % Correct
With or _____ YouWithout
97.9%
(I've Had) The _____ of My LifeTime
95.6%
_____ on a PrayerLivin'
94.2%
_____ I Go AgainHere
93.6%
I Just Can't Stop _____ YouLoving
91.2%
_____ is a Place on EarthHeaven
90.3%
Open Your _____Heart
88.6%
(I Just) _____ in Your ArmsDied
76%
I Think We're _____ NowAlone
73.5%
#1 Hit Song Missing Word % Correct
_____ MonyMony
73.4%
La _____Bamba
72.6%
_____ Gonna Stop Us NowNothing's
71.5%
You Keep Me _____ OnHangin'
70.1%
_____ on MeLean
67.2%
Didn't We _____ Have It AllAlmost
61%
At This _____Moment
49.5%
Shake You _____Down
37.2%
_____ in EmotionLost
35.9%

Today's Daily Dose

Missing Word
1971 Movies A-Z

Word Ladder
Complete Tour

Quick Pick
Logo Colors

On This Day
January 19th

You're not logged in!

Compare scores with friends on all Sporcle quizzes.
Sign Up with Email
OR
Log In

You Might Also Like...

Show Comments

Extras

Top Quizzes Today


Score Distribution

Your Account Isn't Verified!

In order to create a playlist on Sporcle, you need to verify the email address you used during registration. Go to your Sporcle Settings to finish the process.